Statistics for Classic PlayStation 2 Games by Screenshot

Click here to take the quiz!

General Stats

  • This quiz has been taken 173 times
  • The average score is 13 of 20

Answer Stats

Answer% Correct
Spider-Man
97%
Crash Bandicoot: The Wrath of Cortex
88%
Gran Theft Auto: San Andreas
87%
Metal Gear Solid 2: Sons of Liberty
86%
Resident Evil 4
84%
Kingdom Hearts
79%
Final Fantasy X
78%
God of War
78%
Ratchet & Clank
77%
Tekken 5
77%
Gran Turismo 3: A-Spec
72%
Dragon Ball Z: Budokai 3
68%
Need for Speed: Underground
66%
Dragon Quest VIII: Journey of the Cursed King
51%
Jak and Daxter: The Precursor Legacy
51%
Medal of Honor: Frontline
51%
Pro Evolution Soccer 3
44%
EyeToy: Play
23%
The Lord of the Rings: The Two Towers
22%
Madden NFL 2005
19%

Score Distribution

Percentile by Number Answered

Percent of People with Each Score

Your Score History

You have not taken this quiz